000
00342nam a2200157Ia 4500
008
221030s9999 xx 000 0 und d
020
_a
8120325206
041
_a
English
082
_a
105.23
_b
NIIT
100
_a
NIIT
245
0
_a
Game Management
260
_b
PHI
_a
New Delhi
_c
2004
300
_a
452
650
_a
Management
942
_c
BK
999
_c
2430
_d
2430